[Event "Klatovy op-A"]
[Site "Klatovy"]
[Date "1998.??.??"]
[Round "?"]
[White "Miskovsky, Pavel"]
[Black "Blecha, M."]
[Result "1-0"]
[WhiteElo "2150"]
[BlackElo "2070"]

1.e4 c5 2.Nf3 Nc6 3.Bb5 Nf6 4.Nc3 Nd4 5.Bc4 e6 6.e5 d5 7.Nxd4 dxc4 8.Nf3 Nd5
9.O-O Bd7 10.Qe2 b5 11.d4 cxd4 12.Nxd5 exd5 13.Nxd4 Bc5 14.e6 O-O 15.exd7 Bxd4
16.Rd1 Qb6 17.c3 Bc5 18.Rxd5 Rad8 19.Bf4 f6 20.Rad1 Rf7 21.Bd6 Bxd6 22.Rxd6 Qc7
23.Qe8+ Rf8 24.Qe6+ Kh8 25.Qe7 Kg8 26.Qe6+ Kh8 27.Qe7 Kg8 28.g3 Rf7 29.Qe8+ Rf8
30.Qe6+ Kh8 31.R6d5 Qb7 32.R1d4 g6 33.h4 Kg7 34.Qe7+ Kg8 35.h5  1-0

[Event "Klatovy op-A"]
[Site "Klatovy"]
[Date "1998.??.??"]
[Round "?"]
[White "Cisler, Petr"]
[Black "Novotny, J."]
[Result "1-0"]
[WhiteElo "2205"]
[BlackElo "2020"]

1.e4 c5 2.Nf3 Nc6 3.Bb5 a6 4.Bxc6 dxc6 5.h3 e5 6.O-O Qc7 7.d3 Ne7 8.a4 Ng6
9.a5 Bd6 10.Nbd2 Nf4 11.Nc4 Nxh3+ 12.gxh3 Bxh3 13.Re1 Bg4 14.Kg2 O-O 15.Qd2 f5
16.Nh2 Bh5 17.Qg5 g6 18.Bd2 Rf7 19.Nxd6 Qxd6 20.Bc3 Raf8 21.Rf1 h6 22.Qg3 f4
23.Qh3 f3+ 24.Kh1 Kh7 25.Rg1 Qe7 26.Rg3 Rf4 27.Bd2 Rh4 28.Qf1 Qe6 29.Qe1 g5
30.Qe3 Qe7 31.Kg1 Rff4 32.Nxf3 Bxf3 33.Rxf3 Qf7  1-0

[Event "Klatovy op-A"]
[Site "Klatovy"]
[Date "1998.??.??"]
[Round "?"]
[White "Koutecky, Vaclav"]
[Black "Folk, Petr"]
[Result "1/2-1/2"]
[WhiteElo "1830"]
[BlackElo "2270"]

1.e4 c5 2.Nf3 Nc6 3.Bb5 d6 4.O-O Bd7 5.Re1 a6 6.Bf1 Nf6 7.c3 Bg4 8.d3 e6
9.Bg5 Be7 10.Nbd2 h6 11.Bf4 e5 12.Be3 O-O 13.h3 Be6 14.d4 cxd4 15.cxd4 exd4
16.Nxd4 Nxd4 17.Bxd4 d5 18.e5 Nd7 19.Nb3 Rc8 20.Rc1 Bg5 21.Rc2 Qe7 22.Bd3 Rfe8
23.Rxc8 Rxc8 24.g3 Bxh3 25.f4 Bxf4 26.gxf4 Qh4 27.Re3 Nf8 28.Qf3 Bg4 29.Qh1 Qd8
30.Qg2 h5 31.f5 Rc6 32.Nc5 Qc8 33.b4 b6 34.Nb3 Rh6 35.Rg3 a5 36.bxa5 bxa5
37.Bb2 a4 38.Nd4 Rb6 39.Nb5 Rxb5 40.Bxb5 Qc5+ 41.Kh2 Qxb5 42.Re3 Qd7 43.f6 Qf5
44.Ra3 Qf4+ 45.Qg3 Qd2+ 46.Qg2 Qf4+ 47.Qg3 Qd2+  1/2-1/2

[Event "Klatovy op-A"]
[Site "Klatovy"]
[Date "1998.??.??"]
[Round "?"]
[White "Belobrad, I."]
[Black "Vanek, Tomas"]
[Result "1-0"]
[WhiteElo "2050"]
[BlackElo "1920"]

1.e4 c5 2.Nf3 Nc6 3.Bb5 g6 4.O-O Bg7 5.c3 a6 6.Bxc6 dxc6 7.Qe2 Bg4 8.h3 Bxf3
9.Qxf3 Qb6 10.d3 Rd8 11.Qe2 e5 12.f4 c4+ 13.Be3 cxd3 14.Qf2 c5 15.Bxc5 Qe6
16.fxe5 Ne7 17.Nd2 Rf8 18.Nf3 f6 19.exf6 Bxf6 20.Qe3 Rd7 21.Bd4 Nf5 22.Qxd3 Ng3
23.Rfe1 g5 24.e5 Bd8 25.Nd2 Nf5 26.Ne4 Rg7 27.Bc5 Nh4 28.Bxf8 Bb6+ 29.Bc5 Bxc5+
30.Nxc5 Qc6 31.Ne4 g4 32.Rad1 Qb6+ 33.Qd4 Qxd4+ 34.Rxd4 gxh3 35.Nf6+  1-0

[Event "Klatovy op-A"]
[Site "Klatovy"]
[Date "1998.??.??"]
[Round "?"]
[White "Belobrad, I."]
[Black "Flaisigova, Petra"]
[Result "1-0"]
[WhiteElo "2050"]
[BlackElo "1860"]

1.e4 c5 2.Nf3 Nc6 3.Bb5 Nf6 4.Bxc6 dxc6 5.e5 Nd5 6.h3 g6 7.b3 Bg7 8.Bb2 O-O
9.O-O Bd7 10.Nh2 Nf4 11.Qf3 Ne6 12.Qe3 Qb6 13.Nf3 Rad8 14.a4 Bc8 15.Na3 Nd4
16.Nc4 Nxf3+ 17.Qxf3 Qc7 18.a5 Be6 19.Qe2 Bd5 20.d3 Qc8 21.Qe3 Bxc4 22.bxc4 b6
23.Bc3 Qc7 24.Ra3 Rb8 25.Rb1 Rfd8 26.g3 e6 27.Kg2 b5 28.Ra2 b4 29.Ba1 Qe7
30.Rab2 Rb7 31.Rb3 a6 32.Bb2 Rdd7 33.Ra1 Bf8 34.f4 Qd8 35.g4 Qh4 36.Qf3 Rbc7
37.Rg1 Bg7 38.Bc1 f6 39.exf6 Bxf6 40.Qe4 Re7 41.Be3 Bd4 42.Bxd4 cxd4 43.Qxd4 c5
44.Qe5 Qh6 45.c3 bxc3 46.Qxc3 Qf8 47.Qe5 Qa8+ 48.Kg3 Qc6 49.Rgb1 Rc8 50.Rb6 Qd7
51.Rd6 Qe8 52.Rbb6 Kf7 53.Rxa6  1-0

[Event "RUS-ch U18"]
[Site "Kolontaevo"]
[Date "1998.??.??"]
[Round "?"]
[White "Eliseev, Alexey"]
[Black "Gazarian, Aram"]
[Result "0-1"]
[WhiteElo "2300"]
[BlackElo "2325"]

1.e4 c5 2.Nf3 Nc6 3.Bb5 e6 4.O-O Nge7 5.Re1 Nd4 6.Nxd4 cxd4 7.c3 a6 8.Bf1 Nc6
9.d3 g6 10.cxd4 Nxd4 11.Nc3 Bg7 12.Be3 O-O 13.Ne2 Nc6 14.d4 d5 15.e5 Bd7
16.Qd2 Qb6 17.Rac1 Rfc8 18.h4 Bf8 19.Bg5 Rc7 20.Rc3 Rac8 21.h5 Ne7 22.Rb3 Qa7
23.hxg6 fxg6 24.Rh3 Bb5 25.g4 Nc6 26.Rd1 Nb4 27.Nf4 Bxf1 28.Kxf1 Qb6 29.a3 Nc2
30.Kg2 Rc4 31.Rd3 R4c6 32.Rh1 Rc4 33.Ne2 Qxb2 34.Qf4 Qb5 35.Rxh7 R4c7 36.Rxc7 Rxc7
37.Rd2 Ne1+ 38.Kg3 Qb3+ 39.f3 Bh6 40.Ng1 Rf7 41.Bxh6 Rxf4 42.Bxf4 Qxa3 43.Rd1 Nd3
44.Bg5 Qb3 45.Rd2 a5 46.Nh3 a4 47.Rh2 a3 48.Bf6 Qb2 49.Nf2 Qxf2+  0-1

[Event "RUS-ch U18"]
[Site "Kolontaevo"]
[Date "1998.??.??"]
[Round "?"]
[White "Isakov, Dmitrij"]
[Black "Rasskazov, Vladimir"]
[Result "1-0"]
[WhiteElo "2110"]
[BlackElo "2170"]

1.e4 c5 2.Nf3 Nc6 3.Bb5 g6 4.O-O Bg7 5.Re1 e6 6.Bxc6 dxc6 7.e5 Ne7 8.d3 h6
9.Nc3 b6 10.Ne4 O-O 11.a4 Nf5 12.Bf4 Ba6 13.h3 Qe7 14.Qd2 Kh7 15.g4 Nd4 16.Nxd4 cxd4
17.g5 h5 18.Kh1 Kh8  1-0

[Event "Russia-chB (Women)"]
[Site "Kolontaevo"]
[Date "1998.??.??"]
[Round "?"]
[White "Fenina, Tanya"]
[Black "Salakhova, Gulnar"]
[Result "1/2-1/2"]
[WhiteElo "2145"]
[BlackElo "2240"]

1.e4 c5 2.Nf3 Nc6 3.Bb5 e6 4.Nc3 Nge7 5.O-O a6 6.Bxc6 Nxc6 7.d4 cxd4 8.Nxd4 Be7
9.Nxc6 bxc6 10.Qg4 O-O 11.e5 f6 12.Bf4 fxe5 13.Bxe5 Rf7 14.Rad1 Qf8 15.Ne4 d5
16.Ng3 Bf6 17.f4 Bd7 18.Nh5 Kh8 19.Qe2 c5 20.Rfe1 Bxe5 21.fxe5 Rb8 22.b3 a5
23.g3 Rb4 24.Qg2 Bb5 25.Qh3 Qe7 26.Nf4 Rbxf4 27.gxf4 Rxf4 28.Re3 Qg5+ 29.Kh1 Rf5
30.Rg1 Qf4 31.Qg3 Qxg3 32.Rexg3 g6 33.Re1 d4 34.Kg1 a4 35.Rg2 axb3 36.axb3 Kg7
37.Rf2 Rg5+ 38.Rg2 Rf5 39.Rf2 Rg5+ 40.Rg2 Rf5  1/2-1/2

[Event "Russia-chB (Women)"]
[Site "Kolontaevo"]
[Date "1998.??.??"]
[Round "?"]
[White "Kulish, Irina"]
[Black "Peshkova, Tatiana"]
[Result "1-0"]
[WhiteElo "2265"]
[BlackElo "2020"]

1.e4 c5 2.Nf3 Nc6 3.Bb5 g6 4.Bxc6 bxc6 5.O-O Bg7 6.Re1 Nh6 7.c3 O-O 8.d4 cxd4
9.cxd4 f6 10.Nc3 d6 11.h3 Nf7 12.b3 Bd7 13.Bb2 Qc7 14.Rc1 Qb7 15.Rc2 Rad8
16.Nb1 a5 17.Nc3 Rfe8 18.Qd2 e5 19.dxe5 dxe5 20.Qe2 Bf8 21.Na4 Qb5 22.Qe3 Bc8
23.Nc5 Nd6 24.Nd2 Nb7 25.Nxb7 Bxb7 26.Nc4 Bc5 27.Qf3 Kg7 28.Rec1 Bd4 29.a4 Qb4
30.Ba3  1-0

[Event "RUS-ch U18"]
[Site "Kolontaevo"]
[Date "1998.??.??"]
[Round "?"]
[White "Rozkov, Nikolai"]
[Black "Rasskazov, Vladimir"]
[Result "1/2-1/2"]
[WhiteElo "2325"]
[BlackElo "2170"]

1.e4 c5 2.Nf3 Nc6 3.Bb5 g6 4.O-O Bg7 5.Re1 e5 6.Bxc6 bxc6 7.d3 h6 8.Nbd2 Ne7
9.Nc4 d6 10.a3 O-O 11.b4 cxb4 12.axb4 Bg4 13.h3 Be6 14.Be3 Qd7 15.Ra6 f5
16.exf5 Nxf5 17.Na5 Ne7 18.Nd2 Rfb8 19.c3 Qc7 20.Nab3 Nd5 21.Ne4 Nxe3 22.Rxe3 Rb6
23.Ra5 Rd8 24.Qa1 Rd7  1/2-1/2

[Event "RUS-ch U18 Girls"]
[Site "Kolontaevo"]
[Date "1998.??.??"]
[Round "?"]
[White "Khvostova, Irina"]
[Black "Kosintseva, Tatiana"]
[Result "0-1"]
[WhiteElo "2155"]
[BlackElo "2115"]

1.e4 c5 2.Nf3 Nc6 3.Bb5 g6 4.Bxc6 dxc6 5.h3 e5 6.d3 f6 7.Nc3 Nh6 8.Be3 Nf7
9.Qd2 Be6 10.Nh2 f5 11.g3 Qd7 12.O-O-O O-O-O 13.f4 b6 14.exf5 Bxf5 15.g4 exf4
16.Bxf4 Be6 17.Nf3 Bg7 18.Rhf1 h5 19.Ng5 Nxg5 20.Bxg5 Rde8 21.Bf6 hxg4 22.Bxg7 Qxg7
23.Ne4 gxh3 24.Nd6+ Kd7 25.Nxe8 Rxe8 26.Qg5 Rh8 27.Rf6 Qh6 28.Rxg6 Qxg5+
29.Rxg5 h2 30.Rh1 Bd5 31.Rxd5+ cxd5 32.Kd2 Kd6 33.Ke2 Ke5 34.Kf3 Kf5 35.Kg3 Kg5
36.Kf3 Rh3+ 37.Kg2 Kg4 38.Kf2 d4 39.a3 Rf3+ 40.Kg2 Re3 41.Kf2 Kh3 42.b3 Re7  0-1

[Event "RUS-ch U18 Girls"]
[Site "Kolontaevo"]
[Date "1998.??.??"]
[Round "?"]
[White "Zimina, Olga"]
[Black "Andreeva, Natalija"]
[Result "1/2-1/2"]
[WhiteElo "2195"]
[BlackElo "2140"]

1.e4 c5 2.Nf3 Nc6 3.Bb5 g6 4.O-O Bg7 5.Re1 Nf6 6.e5 Nd5 7.Nc3 Nc7 8.Bxc6 dxc6
9.Ne4 Ne6 10.d3 O-O 11.Be3 b6 12.Qd2 Nd4 13.Nxd4 cxd4 14.Bh6 Bf5 15.Ng3 Qd7
16.h4 Rfe8 17.Bxg7 Kxg7 18.h5 h6 19.Qf4 Be6 20.Rad1 c5 21.c3 dxc3 22.bxc3 Rf8
23.d4 Qa4 24.Qh4 g5 25.Qe4 Rad8 26.Nf5+ Bxf5 27.Qxf5 Rd5 28.f4 Qd7 29.Qc2 Qg4
30.f5 cxd4 31.f6+ exf6 32.e6 Qf5 33.Qa4 fxe6 34.cxd4 Rf7 35.Qe8 e5 36.Rc1 Qd7
37.Qxd7 Rfxd7 38.dxe5 Rxe5 39.Rxe5 fxe5 40.Rc6 Re7 41.Kf2 Rf7+ 42.Ke3  1/2-1/2

[Event "Russia-chB (Women)"]
[Site "Kolontaevo"]
[Date "1998.??.??"]
[Round "?"]
[White "Peshkova, Tatiana"]
[Black "Fotina, Tatiana"]
[Result "0-1"]
[WhiteElo "2020"]
[BlackElo "2110"]

1.e4 c5 2.Nf3 Nc6 3.Bb5 Nd4 4.Nxd4 cxd4 5.c3 a6 6.Be2 Qb6 7.O-O g6 8.cxd4 Bg7
9.d5 Bxb2 10.Bxb2 Qxb2 11.Nc3 d6 12.Rb1 Qa3 13.Rb3 Qa5 14.d4 Nf6 15.Bf3 O-O
16.Qd2 b5 17.e5 Ne8 18.Re1 Ng7 19.Qf4 Bb7 20.Re2 b4 21.Nd1 Bxd5 22.Bxd5 Qxd5
23.Rh3 Nf5 24.Rd2 h5 25.Rhd3 dxe5 26.dxe5 Qe6 27.Ne3 Nxe3 28.Rxe3 Kg7 29.Qxb4 Rfb8
30.Qe4 Qxa2 31.g4 Qb1+ 32.Kg2 Qxe4+ 33.Rxe4 hxg4 34.Rxg4 f5  0-1

[Event "Korinthos op"]
[Site "Korinthos"]
[Date "1998.??.??"]
[Round "1"]
[White "Papatheodorou, Theodoros"]
[Black "Nikolaidis, Ioannis"]
[Result "1-0"]
[WhiteElo "2225"]
[BlackElo "2490"]

1.e4 c5 2.Nf3 Nc6 3.Bb5 g6 4.O-O Bg7 5.Re1 Nf6 6.e5 Nd5 7.Nc3 Nc7 8.Bxc6 dxc6
9.Ne4 b6 10.Nf6+ Kf8 11.Ne4 Bg4 12.Neg5 f6 13.exf6 exf6 14.h3 Bf5 15.Ne4 Bxe4
16.Rxe4 f5 17.Re1 Kf7 18.d3 Re8 19.c3 Rxe1+ 20.Qxe1 Qxd3 21.Bf4 Re8 22.Be5 Nd5
23.Rd1 Qa6 24.b3 c4 25.Rd4 cxb3 26.axb3 Kg8 27.c4 Bxe5 28.Nxe5 Nf6 29.f4 Qa2
30.Rd6 Nh5 31.Qh4 Nxf4 32.Qxf4 Qa1+ 33.Kf2 Qb2+ 34.Kg3 Rxe5 35.Rd8+ Kf7 36.Rd7+ Ke6
37.Rxh7 Re2 38.Qf3 Qe5+ 39.Kh4 Re3 40.Qxc6+ Qd6 41.Qe8+  1-0

[Event "MK Cafe Cup-B"]
[Site "Koszalin"]
[Date "1998.??.??"]
[Round "6"]
[White "Korpalski, Robert"]
[Black "Walach, Marcin"]
[Result "0-1"]
[WhiteElo "2165"]
[BlackElo "2310"]

1.e4 c5 2.Nf3 Nc6 3.Bb5 e6 4.c3 Nf6 5.Qe2 d6 6.O-O Bd7 7.d4 a6 8.Bxc6 Bxc6
9.d5 Bd7 10.dxe6 Bxe6 11.c4 Be7 12.Nc3 O-O 13.h3 Re8 14.b3 b5 15.cxb5 axb5
16.Nxb5 Bxb3 17.Bf4 Ba4 18.Nc3 d5 19.exd5 Nxd5 20.Nxd5 Qxd5 21.Qe5 Bc6 22.Rfd1 Qc4
23.Rdc1 Qa4 24.Qf5 Be4 25.Qh5 Bf6 26.Ne5 Bg6 27.Nxg6 hxg6 28.Qf3 Bxa1 29.Rxa1 Qe4
30.Qxe4 Rxe4 31.Be3 Rc4 32.a3 f5 33.Kf1 f4 34.Rc1 Rxc1+ 35.Bxc1 g5 36.Ke2 Kf7
37.Kd3 Ra4 38.g3 Ke6 39.gxf4 gxf4 40.Bb2 g6 41.f3 Kd5 42.h4 c4+ 43.Kc3 Ra7
44.Bc1 Rh7 45.Bxf4 Rxh4 46.Bd2 Rh3  0-1

[Event "MK Cafe Cup-B"]
[Site "Koszalin"]
[Date "1998.??.??"]
[Round "6"]
[White "Kaula, Roman"]
[Black "Izbinski, Bartlomiej"]
[Result "1/2-1/2"]
[WhiteElo "2315"]
[BlackElo "2160"]

1.e4 c5 2.Nf3 Nc6 3.Bb5 g6 4.O-O Bg7 5.Re1 Nf6 6.c3 O-O 7.d4 cxd4 8.cxd4 a6
9.Bd3 d6 10.h3 Qb6 11.d5 Ne5 12.Nxe5 dxe5 13.Nd2 Qc7 14.Nb3 e6 15.dxe6 Bxe6  1/2-1/2

[Event "MK Cafe Cup-B"]
[Site "Koszalin"]
[Date "1998.??.??"]
[Round "10"]
[White "Hasangatin, Ramil"]
[Black "Walach, Marcin"]
[Result "1/2-1/2"]
[WhiteElo "2460"]
[BlackElo "2310"]

1.e4 c5 2.Nf3 Nc6 3.Bb5 g6 4.Bxc6 dxc6 5.d3 Bg7 6.h3 Nf6 7.Nc3 O-O 8.Be3 b6
9.Qd2 Be6 10.O-O-O c4 11.dxc4 Qc8 12.e5 Nd7 13.Bh6 Rd8 14.Bxg7 Kxg7 15.Qd4 f6
16.exf6+ exf6 17.Qf4 Nc5 18.b3 Qb8 19.Qxb8 Raxb8 20.Nd4 Bd7 21.Rd2 Re8 22.Rhd1 Ne4
23.Nxe4 Rxe4 24.Nb5 Be8 25.Nd6 Re6 26.Kb2 c5 27.Nxe8+ Rbxe8 28.Rd7+ R8e7
29.a3 Kf7 30.b4 Re2 31.R1d2 Rxd2 32.Rxd2 Rc7 33.Kb3 Ke7 34.g4 f5 35.g5 f4
36.Rd5 Ke6 37.Kc3 cxb4+ 38.axb4 h6 39.h4 Rh7 40.Kd4 hxg5 41.Re5+ Kd7 42.Rxg5 Rxh4
43.Rxg6 Rh2 44.Rg7+ Kd6 45.Rg6+ Kc7 46.Kd5 Rh5+ 47.Ke4 Rh2 48.Rg7+ Kd6 49.Kf3 Rh3+
50.Kxf4 Rc3 51.Rxa7 Rxc2 52.c5+ bxc5 53.bxc5+ Rxc5  1/2-1/2

[Event "RUS-ch sf"]
[Site "Krasnodar"]
[Date "1998.??.??"]
[Round "?"]
[White "Sanarov, Oleg"]
[Black "Poluljahov, Aleksandr"]
[Result "0-1"]
[WhiteElo "2290"]
[BlackElo "2505"]

1.e4 c5 2.Nf3 Nc6 3.Bb5 g6 4.Bxc6 bxc6 5.O-O Bg7 6.Re1 Nh6 7.c3 O-O 8.h3 f6
9.d4 cxd4 10.cxd4 d6 11.Nc3 Nf7 12.Be3 Bd7 13.Nd2 Rb8 14.b3 f5 15.exf5 Bxf5
16.Rc1 Bd7 17.Nc4 Nh6 18.d5 c5 19.Ne2 Nf5 20.Bd2 Qe8 21.Bc3 Qf7 22.Bxg7 Qxg7
23.Qd3 g5 24.Rf1 Rf7 25.f4 g4 26.hxg4 Qxg4 27.Qf3 Qg6 28.Kf2 Rbf8 29.g3 e5
30.dxe6 Bxe6 31.Rcd1 Bc8 32.Ne3 Nxe3 33.Qxe3 Bb7 34.Nc3 Qh6 35.Nd5 Qh2+ 36.Ke1 Rg7
37.Rd2 Qxg3+ 38.Qxg3 Rxg3 39.Ne7+ Kh8 40.Kf2 Rg2+ 41.Ke1 Re8 42.Rxg2 Bxg2  0-1

[Event "Krasnodar2"]
[Site "Krasnodar"]
[Date "1998.??.??"]
[Round "3"]
[White "Zagrebelny, Sergey"]
[Black "Beshukov, Sergei"]
[Result "1-0"]
[WhiteElo "2485"]
[BlackElo "2405"]

1.e4 c5 2.Nf3 Nc6 3.Bb5 g6 4.Bxc6 dxc6 5.d3 Bg4 6.h3 Bxf3 7.Qxf3 Bg7 8.O-O Nf6
9.Nd2 O-O 10.Nc4 Nd7 11.Qe2 b5 12.Ne3 a5 13.f4 a4 14.Rb1 Qc7 15.Bd2 Rad8
16.c3 Nb6 17.Rbd1 Qd7 18.Be1 Qe6 19.Bh4 a3 20.f5 Qd6 21.Ng4 gxf5 22.Ne3 e6
23.Bxd8 Rxd8 24.exf5 Qe5 25.Qf3 axb2 26.Ng4 Qc7 27.f6 Bf8 28.Rde1 Na4 29.Ne5 b1=Q
30.Qg3+ Kh8 31.Rxb1 Qb7 32.Rbc1 Rd5 33.c4 Rd8 34.Qf3  1-0

[Event "RUS-Cup"]
[Site "Krasnodar"]
[Date "1998.??.??"]
[Round "5"]
[White "Zangiev, Pavel"]
[Black "Vokarev, Sergey"]
[Result "0-1"]
[WhiteElo "2315"]
[BlackElo "2485"]

1.e4 c5 2.Nf3 Nc6 3.Bb5 g6 4.Bxc6 bxc6 5.O-O Bg7 6.e5 f6 7.exf6 Nxf6 8.c4 O-O
9.Nc3 d6 10.a3 a5 11.Rb1 Rb8 12.h3 e5 13.d3 Nh5 14.Re1 h6 15.Nh2 Rb7 16.Ng4 Nf4
17.Re3 Rbf7 18.Ne4 Kh7 19.Bd2 h5 20.Nh2 d5 21.cxd5 cxd5 22.Nxc5 Nxg2 23.Kxg2 Rxf2+
24.Kh1 Qg5 25.Qg1 Qxg1+ 26.Rxg1 Rxd2 27.b4 axb4 28.axb4 Bh6 29.Reg3 Bf4 30.Nf3 Rf2
31.Ng5+ Kh6  0-1

[Event "Krasnodar"]
[Site "Krasnodar"]
[Date "1998.??.??"]
[Round "5"]
[White "Kuzmin, Gennadi P"]
[Black "Popov, Roman"]
[Result "1-0"]
[WhiteElo "2580"]
[BlackElo "2500"]

1.e4 c5 2.Nf3 Nc6 3.Bb5 e6 4.O-O Nge7 5.b3 a6 6.Bxc6 Nxc6 7.Bb2 b5 8.c4 bxc4
9.bxc4 Rb8 10.Bc3 Qc7 11.Na3 f6 12.Nh4 Nd8 13.f4 Be7 14.Nc2 O-O 15.Qh5 Bb7
16.Rae1 Rf7 17.f5 Nc6 18.Ng6 Bd6 19.Rf3 h6 20.d3 exf5 21.Rxf5 Ne7 22.Nxe7+ Rxe7
23.Ne3 Qd8 24.Qg6 Re6 25.Ng4  1-0

[Event "Krasnodar"]
[Site "Krasnodar"]
[Date "1998.??.??"]
[Round "7"]
[White "Brodsky, Michail"]
[Black "Popov, Roman"]
[Result "1-0"]
[WhiteElo "2545"]
[BlackElo "2500"]

1.e4 c5 2.Nf3 Nc6 3.Bb5 d6 4.O-O Bd7 5.c3 Nf6 6.Re1 a6 7.Ba4 b5 8.Bc2 e5
9.d3 g6 10.h3 Bg7 11.Nbd2 O-O 12.Nf1 Nh5 13.Be3 Rc8 14.Rc1 Be6 15.a3 h6 16.b4 Qe7
17.Qd2 Kh7 18.d4 cxd4 19.cxd4 exd4 20.Nxd4 Nxd4 21.Bxd4 Bxd4 22.Qxd4 Qg5
23.h4 Qxh4 24.Qxd6 Qg5 25.Qd2 Qxd2 26.Nxd2 Rfd8 27.Nf3 Rc3 28.Bb1 Rxa3 29.Ne5 Kg7
30.g3 Nf6 31.Rc5 Nd7 32.Nc6 Rc8 33.Rc2 Ra4 34.e5 Bf5 35.Rd2 Rxc6 36.Bxf5 Nf8
37.Be4 Rc4 38.Rd6 Rcxb4 39.Bd5 Rd4 40.Rc1  1-0

[Event "RUS-Cup"]
[Site "Krasnodar"]
[Date "1998.??.??"]
[Round "8"]
[White "Minasian, Artashes"]
[Black "Kalugin, Sergei"]
[Result "1-0"]
[WhiteElo "2570"]
[BlackElo "2240"]

1.e4 c5 2.Nf3 Nc6 3.Bb5 g6 4.O-O Bg7 5.c3 Nf6 6.d4 Nxe4 7.d5 Nd6 8.Bd3 Ne5
9.Nxe5 Bxe5 10.Re1 Bg7 11.Qe2 e6 12.Bf4 Qe7 13.Qe3 b6 14.Qg3 e5 15.Bh6 O-O
16.Bxg7 Kxg7 17.Rxe5 Qf6 18.Nd2 Bb7 19.Rae1 b5 20.h4 c4 21.Bc2 Rac8 22.h5 Rfe8
23.f4 Kf8 24.Nf3 Rxe5 25.Nxe5 Rd8 26.Ng4 Nf5 27.Nxf6 Nxg3 28.h6 Nh5 29.Nxh5 gxh5
30.d6 Bc6 31.Bxh7 Rb8 32.Re5 f6 33.Re7 b4 34.cxb4  1-0

[Event "Krasnodar"]
[Site "Krasnodar"]
[Date "1998.??.??"]
[Round "9"]
[White "Maiorov, Oleg"]
[Black "Beshukov, Sergei"]
[Result "1/2-1/2"]
[WhiteElo "2405"]
[BlackElo "2405"]

1.e4 c5 2.Nf3 Nc6 3.Bb5 g6 4.Bxc6 dxc6 5.d3 Bg7 6.Nc3 e5 7.Be3 b6 8.Qd2 Bg4
9.h3 Bxf3 10.gxf3 Nf6 11.Ne2 Nh5 12.O-O-O Qf6 13.Ng1 h6 14.h4 O-O-O 15.b3 Kb7
16.Rh3 Qe6 17.Rh1 f5 18.Qe1 Qe7 19.Ne2 Bf6 20.Qg1 Rdg8 21.Qh2 f4 22.Bd2 Ng7
23.Rdg1 Ne6 24.Bc3 h5 25.Qh3 g5 26.hxg5 Rxg5 27.Rxg5 Nxg5 28.Qf5 Rh6 29.Rg1 Nf7
30.Rg6 Rxg6 31.Qxg6 h4 32.Qg4 Nh6 33.Qh3 Kc7 34.Kd1 Nf7 35.Qg4 Nh6 36.Qg6 Bg5
37.Ke1 Nf7 38.Kf1 Kd7 39.Kg2 Qe6 40.Qh7 Be7 41.Ng1 b5 42.Nh3 Qxh3+ 43.Kxh3 Ng5+
44.Kg4 Nxh7 45.Bxe5 Bd6 46.Bb2 Ng5 47.Kxh4 Nxf3+ 48.Kg4 Ne1 49.e5 Bf8 50.Kxf4 Ke6
51.Ke4 Ng2 52.f4 Nh4 53.Bc3 Nf5 54.Be1 Be7 55.Bf2 a6 56.c4 Bf8 57.Bg1 bxc4
58.bxc4 Ng3+ 59.Kf3 Nh5 60.Ke4 Ng7 61.Bf2 Be7 62.Bg1 Nf5 63.Bf2 Bf8 64.Bg1 Be7
65.Bf2 Bf8  1/2-1/2

[Event "Krasnodar"]
[Site "Krasnodar"]
[Date "1998.??.??"]
[Round "9"]
[White "Kuzmin, Gennadi P"]
[Black "Zezulkin, Jurij"]
[Result "1-0"]
[WhiteElo "2580"]
[BlackElo "2485"]

1.e4 c5 2.Nf3 Nc6 3.Bb5 g6 4.O-O Bg7 5.c3 Nf6 6.Re1 O-O 7.d4 cxd4 8.e5 Nd5
9.cxd4 Nc7 10.Nc3 d6 11.exd6 Qxd6 12.Bxc6 bxc6 13.Bg5 Re8 14.Qd2 Ne6 15.Be3 Ba6
16.Rad1 Bc4 17.Bh6 Bh8 18.Qe3 Bd5 19.Ne5 Rab8 20.b3 Rb4 21.h4 Ng7 22.Bf4 Nf5
23.Qc1 Nxd4 24.Nd3 e5 25.Nxb4 Qxb4 26.Nxd5 cxd5 27.Be3 Ne6 28.Rxd5 Qxh4 29.Qc4 e4
30.Bxa7  1-0

[Event "Krasnodar"]
[Site "Krasnodar"]
[Date "1998.??.??"]
[Round "11"]
[White "Brodsky, Michail"]
[Black "Zezulkin, Jurij"]
[Result "1-0"]
[WhiteElo "2545"]
[BlackElo "2485"]

1.e4 c5 2.Nf3 Nc6 3.Bb5 d6 4.Bxc6+ bxc6 5.O-O e5 6.Re1 Nf6 7.c3 Be7 8.d4 cxd4
9.cxd4 Qc7 10.Nbd2 Bg4 11.h3 Bh5 12.Qc2 Nd7 13.dxe5 dxe5 14.b3 O-O 15.Bb2 Rfd8
16.Re3 Rac8 17.Rc1 f6 18.Nf1 Nf8 19.Ng3 Bf7 20.Nf5 Bb4 21.a3 Bd6 22.Rd3 Ne6
23.Nxd6 Rxd6 24.Nxe5 fxe5 25.Bxe5 Rcd8 26.Rxd6 Rxd6 27.Bxd6 Qxd6 28.b4 h5
29.Qxc6 Qd3 30.Qd5 Qa6 31.Rc6 Qe2 32.Rc8+ Kh7 33.Qf5+ Bg6 34.Qxe6 Qe1+ 35.Kh2 Qxf2
36.Qg8+ Kh6 37.Qh8+ Bh7 38.Rc6+  1-0

[Event "RUS-Cup"]
[Site "Krasnoiarsk"]
[Date "1998.??.??"]
[Round "2"]
[White "Ulibin, Mikhail"]
[Black "Shariyazdanov, Andrey"]
[Result "1/2-1/2"]
[WhiteElo "2575"]
[BlackElo "2495"]

1.e4 c5 2.Nf3 Nc6 3.Bb5 e6 4.O-O Nge7 5.Re1 a6 6.Bf1 d5 7.exd5 Nxd5 8.d4 Be7
9.dxc5 O-O 10.c4 Nf6 11.a3 Bxc5 12.b4 Be7 13.Bb2 a5 14.b5 Nb8 15.Nc3 Nbd7
16.Na4 Nb6 17.Qxd8 Bxd8 18.Nc5 Nfd7 19.Nxd7 Nxd7 20.g3 Nc5 21.Rad1 Be7 22.Bg2 f6
23.Nd4 Kf7 24.Re2 Rd8 25.Red2 e5 26.Nc2 Bg4 27.Rxd8 Rxd8 28.Rxd8 Bxd8 29.Ne3 Be6
30.Kf1 e4 31.f3 Na4 32.Bd4 Be7 33.fxe4 Bxa3 34.Ke2 Bc5 35.Kd3 Ke7 36.e5 Bxd4
37.Kxd4 fxe5+ 38.Kxe5 Nc5 39.Nc2 b6 40.Na3 Nd7+ 41.Kd4 Kd6 42.Be4 h6 43.Nb1 Nc5
44.Nd2 Bh3 45.Bb1 Bg2 46.Bc2 Bh3  1/2-1/2

[Event "RUS-Cup"]
[Site "Krasnoiarsk"]
[Date "1998.??.??"]
[Round "6"]
[White "Chigvintsev, Andrei"]
[Black "Shariyazdanov, Andrey"]
[Result "0-1"]
[WhiteElo "2395"]
[BlackElo "2495"]

1.e4 c5 2.Nf3 Nc6 3.Bb5 e6 4.b3 Nge7 5.Bb2 a6 6.Bxc6 Nxc6 7.O-O b5 8.a4 b4
9.e5 Bb7 10.d3 Be7 11.Nbd2 O-O 12.Ne4 f6 13.exf6 gxf6 14.Qd2 Qe8 15.Rfe1 f5
16.Ng3 Qg6 17.h4 f4 18.Ne4 h6 19.Qe2 Kh7 20.h5 Qxh5 21.Nfg5+ Kg6 22.Nh7 Rfd8
23.Qxh5+ Kxh5 24.Nhf6+ Kg6 25.Ng4 d6 26.f3 h5 27.Ngf2 e5 28.Re2 Rg8 29.Nh3 Kf7
30.Kh2 Rg6 31.Rf1 Rag8 32.Kh1 Bc8 33.Kh2 Bf5 34.Rfe1 Bh4 35.Rd1 Nd8 36.Ra1 Be7
37.Rd1 Bc8 38.Rde1 Ne6 39.Rd1 Ng7 40.Rde1 Nf5 41.Rg1 Nh4 42.Rf2 Rg3 43.Bc1 Bxh3  0-1

[Event "RUS-Cup"]
[Site "Krasnoiarsk"]
[Date "1998.??.??"]
[Round "7"]
[White "Logunov, M."]
[Black "Lopushnoy, Denis"]
[Result "1-0"]
[WhiteElo "2455"]
[BlackElo "2390"]

1.e4 c5 2.Nf3 Nc6 3.Bb5 g6 4.O-O Bg7 5.Re1 e5 6.Bxc6 dxc6 7.a3 a5 8.a4 Ne7
9.d3 O-O 10.Be3 b6 11.Qc1 Bg4 12.Nbd2 h6 13.h3 Be6  1-0

[Event "RUS-Cup"]
[Site "Krasnoiarsk"]
[Date "1998.??.??"]
[Round "8"]
[White "Dorofeev, Ivan"]
[Black "Makarov, Marat"]
[Result "1/2-1/2"]
[WhiteElo "2325"]
[BlackElo "2540"]

1.e4 c5 2.Nf3 Nc6 3.Bb5 e6 4.O-O Nge7 5.Re1 Nd4 6.Bf1 Nec6 7.c3 Nxf3+ 8.Qxf3 Be7
9.d3 O-O 10.Nd2 d6 11.a4 e5 12.Qd1 Kh8 13.Be2 f5 14.Nc4 f4 15.Bg4 Bxg4 16.Qxg4 Rf6
17.Kh1 Qe8 18.g3 Qf7 19.Bd2 Rd8 20.Rad1 d5 21.exd5 Qxd5+ 22.Kg1 Qxd3 23.Qe2 Qf5
24.Bc1 f3 25.Qd3 Qh3 26.Qf1 Qg4 27.Nxe5 Nxe5 28.Rxe5 Re6 29.Rxe6 Qxe6 30.Re1 Qd7
31.Qb5 Qh3 32.Qf1 Qxf1+ 33.Kxf1 Bf6 34.Rd1 Re8 35.Be3 Re4 36.Bxc5 Rxa4 37.Be3 Kg8
38.Ke1 Ra2 39.Rb1 Kf7 40.Kd2 Ke6 41.Kc2 Ra5 42.Rd1 a6 43.Rd3 Rd5 44.Bd4 Bxd4
45.cxd4 Rf5 46.h4 a5 47.Re3+ Kd6 48.Kc3 b5 49.Re8 Rf7 50.Re5 Kc6 51.Re6+ Kb7
52.Kd3 Rc7 53.Re3 a4 54.Rxf3 b4 55.Re3 b3 56.Re2 Kb6 57.Rd2 Kb5 58.d5 Kc5
59.Kc3 Kd6+ 60.Kb4 Rc2 61.Rd3 Rxf2 62.Kxa4 Rxb2 63.Ka3 Rb1 64.Rf3 b2 65.Ka2 Rg1
66.Kxb2 Kxd5 67.Rf5+ Ke6 68.Rg5 Kf6 69.Kc2 h6 70.Rg4 Re1 71.h5 Re6 72.Kd3 Re5
73.Rg6+ Kf7 74.g4  1/2-1/2

[Event "RUS-Cup"]
[Site "Krasnoiarsk"]
[Date "1998.??.??"]
[Round "9"]
[White "Poluljahov, Aleksandr"]
[Black "Beshukov, Sergei"]
[Result "1-0"]
[WhiteElo "2505"]
[BlackElo "2405"]

1.e4 c5 2.Nf3 Nc6 3.Bb5 g6 4.Bxc6 bxc6 5.O-O Bg7 6.Re1 e5 7.c3 Ne7 8.d4 cxd4
9.cxd4 exd4 10.Nxd4 O-O 11.Nc3 h6 12.Bf4 Re8 13.Qd2 Kh7 14.Rad1 Qb6 15.Nb3 a5
16.Bd6 Ng8 17.Qf4 a4 18.Nc5 a3 19.Qxf7 Qd8 20.b4 Nf6 21.e5  1-0

[Event "Kstovo (Women)"]
[Site "Kstovo"]
[Date "1998.??.??"]
[Round "?"]
[White "Kovalevskaya, Ekaterina"]
[Black "Shumiakina, Tatiana"]
[Result "1-0"]
[WhiteElo "2390"]
[BlackElo "2400"]

1.e4 c5 2.Nf3 Nc6 3.Bb5 e6 4.Bxc6 bxc6 5.b3 f6 6.O-O Ne7 7.Ba3 Ng6 8.d4 cxd4
9.Bxf8 Nxf8 10.Qxd4 Ng6 11.c4 O-O 12.Rd1 Qe7 13.Nc3 f5 14.Qd6 Qf7 15.e5 h6
16.Na4 Nf4 17.Qd2 g5 18.Nc5 Qh5 19.Ne1 Rf7 20.Ned3 Ng6 21.Re1 f4 22.f3 Nh4
23.Nf2 Qg6 24.Ng4 Kh8 25.Rad1 a5 26.Nf6 Qg7 27.Nce4 Nf5 28.Nd6 Re7 29.Nxf5 exf5
30.Qc2 Qg6 31.Rd6 Re6 32.Rxe6 dxe6 33.Rd1 Ba6 34.Rd7 Rf8 35.Qc3 Bc8 36.Rc7 Rd8
37.Qxa5 g4 38.Rh7+ Qxh7 39.Nxh7 Rd1+ 40.Kf2 Kxh7 41.Ke2 Rc1 42.Qc7+ Kg6 43.Qxc8 Rc2+
44.Ke1 Rxg2 45.Qxe6+  1-0